Emergent technologies-based teaching strategy / (Record no. 5727)

MARC details
000 -LEADER
fixed length control field 00759nam a22002537i 4500
003 - CONTROL NUMBER IDENTIFIER
control field URS
005 - DATE AND TIME OF LATEST TRANSACTION
control field 20251001091328.0
008 - FIXED-LENGTH DATA ELEMENTS--GENERAL INFORMATION
fixed length control field 181206s2014 -ph||||| |||| 00| 0 eng d
020 ## - INTERNATIONAL STANDARD BOOK NUMBER
International Standard Book Number 9716857795
040 ## - CATALOGING SOURCE
Language of cataloging eng
Description conventions rda
Transcribing agency URS
050 14 - LIBRARY OF CONGRESS CALL NUMBER
Classification number LB 1025.3
Item number Si122 2014
100 1# - MAIN ENTRY--PERSONAL NAME
Personal name Sicat, Alvin S,
Relator term author
245 10 - TITLE STATEMENT
Title Emergent technologies-based teaching strategy /
Statement of responsibility, etc. Alvin S. Sicat.
264 #1 - PRODUCTION, PUBLICATION, DISTRIBUTION, MANUFACTURE, AND COPYRIGHT NOTICE
Place of production, publication, distribution, manufacture Quezon City :
Name of producer, publisher, distributor, manufacturer Lorimar Publishing,
Date of production, publication, distribution, manufacture, or copyright notice 2014.
300 ## - PHYSICAL DESCRIPTION
Extent 92 pages ;
Dimensions 26 cm
336 ## - CONTENT TYPE
Content type term text
Content type code txt
Source rdacontent
337 ## - MEDIA TYPE
Media type term unmediated
Media type code n
Source rdamedia
338 ## - CARRIER TYPE
Carrier type term volume
Carrier type code nc
Source rdacarrier
500 ## - GENERAL NOTE
General note Includes bibliographical references.
526 ## - STUDY PROGRAM INFORMATION NOTE
Program name BEED
650 #0 - SUBJECT ADDED ENTRY--TOPICAL TERM
Topical term or geographic name entry element Education technology.
650 #0 - SUBJECT ADDED ENTRY--TOPICAL TERM
Topical term or geographic name entry element Teaching
General subdivision Aids and devices.
942 ## - ADDED ENTRY ELEMENTS (KOHA)
Koha item type Filipiniana
Source of classification or shelving scheme Library of Congress Classification
Holdings
Withdrawn status Damaged status Not for loan Collection code Home library Current library Shelving location Date acquired Source of acquisition Cost, normal purchase price Total Checkouts Full call number Barcode Date last seen Price effective from Koha item type Source of classification or shelving scheme Copy number
      Non-fiction Pililla College Library Pililla College Library General Stacks 02/17/2016 purchased     371.33 Si1e 2014 URSPIL-5326. 05/31/2019 12/17/2018 Filipiniana Library of Congress Classification 3
      Non-fiction Pililla College Library Pililla College Library General Stacks 02/17/2016 purchased     371.33 Si1e 2014 URSPIL-5324. 05/31/2019 12/17/2018 Filipiniana Library of Congress Classification 1
      Non-fiction Pililla College Library Pililla College Library General Stacks 02/17/2016 purchased     371.33 Si1e 2014 URSPIL-5325. 05/31/2019 12/17/2018 Filipiniana Library of Congress Classification 2
      Non-fiction Pililla College Library Pililla College Library General Stacks 02/17/2016 purchased     371.33 Si1e 2014 URSPIL-5327. 05/31/2019 12/17/2018 Filipiniana Library of Congress Classification 4
      Non-fiction Pililla College Library Pililla College Library General Stacks 02/17/2016 purchased     371.33 Si1e 2014 URSPIL-5328. 05/31/2019 12/17/2018 Filipiniana Library of Congress Classification 5
      Non-fiction Tanay College Library Tanay College Library New Materials Shelf 11/24/2015 Purchase 210.00   LB 1025.3 Si122 2014 URSTAN-N1869 11/24/2015 03/10/2016 Filipiniana    
      Non-fiction Tanay College Library Tanay College Library Reserve Section 11/24/2015 Purchase 210.00   LB 1025.3 Si122 2014 URSTAN-N1870 12/06/2018 03/10/2016 Filipiniana    

University of Rizal System
Email us at univlibservices@urs.edu.ph

Visit our Website www.urs.edu.ph/library